Central Library OPAC University of Rajshahi

The cultural policy of the United Republic of Tanzania / (Record no. 33622)

MARC details
000 -LEADER
fixed length control field 00809nam a2200265 i 4500
001 - CONTROL NUMBER
control field 33622
003 - CONTROL NUMBER IDENTIFIER
rucl marc code BD-RjUL
005 - DATE AND TIME OF LATEST TRANSACTION
control field 20211209052033.0
008 - FIXED-LENGTH DATA ELEMENTS--GENERAL INFORMATION
fixed length control field 140510s1974 fr af b i000 0 eng
020 ## - INTERNATIONAL STANDARD BOOK NUMBER
International Standard Book Number 9231011790
035 ## - SYSTEM CONTROL NUMBER
System control number (BD-RjUL)33713
040 ## - CATALOGING SOURCE
Original cataloging agency DLC
Transcribing agency DLC
Modifying agency DLC
-- BD-RjUL
Language of cataloging eng
041 ## - LANGUAGE CODE
Language code of text/sound track or separate title eng
082 00 - DEWEY DECIMAL CLASSIFICATION NUMBER
Classification number 306.02
Author mark and year MBC 1974
100 1# - MAIN ENTRY--PERSONAL NAME
Personal name Mbughuni, L. A.
9 (RLIN) 102065
245 14 - TITLE STATEMENT
Title The cultural policy of the United Republic of Tanzania /
Statement of responsibility, etc. L. A. Mbughuni.
260 ## - PUBLICATION, DISTRIBUTION, ETC. (IMPRINT)
Place of publication, distribution, etc. Paris :
Name of publisher, distributor, etc. Unesco Press,
Date of publication, distribution, etc. c1974.
300 ## - PHYSICAL DESCRIPTION
Pagination 72 p., [2] leaves of plates :
Illustrations ill. ;
Size 25 cm.
504 ## - BIBLIOGRAPHY, ETC. NOTE
Bibliography, etc Bibliography: p. 63-64.
651 #0 - SUBJECT ADDED ENTRY--GEOGRAPHIC NAME
Geographic name Tanzania
General subdivision Cultural policy.
9 (RLIN) 102067
942 ## - ADDED ENTRY ELEMENTS (KOHA)
Source of classification or shelving scheme Dewey Decimal Classification
Koha item type Books
Holdings
Lost status Source of classification or shelving scheme Damaged status Not for loan Collection code Permanent Location Current Location Shelving location Date acquired Source of acquisition Cost, normal purchase price Total Checkouts Full call number Date last seen Copy number Koha item type
  Dewey Decimal Classification   Not For Loan Non-fiction Central Library, University of Rajshahi Central Library, University of Rajshahi Reading Room 02/12/1981 UNESCO Gift. 0.00   306.02 MBC 1974 10/05/2014 C-1 Books
  Dewey Decimal Classification     Non-fiction Central Library, University of Rajshahi Central Library, University of Rajshahi   30/08/1982 Unknowen Gift 0.00   306.02 MBC 1974 11/05/2014 C-2 Books